000 00438nam a2200133 a 4500
008 120416s1964 xx |||||||||||||| || u
050 _aB 2745 Roy
100 _aRoyce, Josiah
245 1 0 _aLectures on modern idealism
260 _c1964
350 _a0.00
650 _aPHILOSOPHY
995 _D0.00
_FCBU-MAIN LIBRARY (Kitwe)
_H1
_I0.00
_M1
_UAVAILABLE
_ZAnnex Low-Usage Collection
999 _c49057
_d49057